000 01283nam a2200277 i 4500
001 156853
003 ES-MaACL
005 20250825025149.0
008 891117s1852 fr a |||| | fre d
040 _aCAT
_bspa
_cCAT
_dCCPB
080 _a655
080 _a002
100 1 _aLacroix, Paul (
_d1806-1884)
_969408
245 1 0 _aHistoire de l'imprimerie et des arts et professions qui se ratachent à la typographie ..
_b: comprenant l'histoire des anciennes corporations et confréries d'écrivains, d'enlumineurs, de parcheminers ... depuis leur fondation jusqu'à leur supression en 1789 /
_cPaul Lacroix (Bibliophile Jacob), Édouard Fournier et Ferdinand Seré.
260 _aParis :
_bLibrairie historique, archéologique et scientifique de Seré,
_c1852.
300 _a160 p., [19] h. de láms. :
_bil., algunas col. ;
_c28 cm.
490 1 _aLe Livre d'or des métiers
650 7 _aLibros-
_vHistoria
_2
_9168346
650 4 _aImprenta-
_vHistoria.
_9144605
700 1 _aSeré, Ferdinand (
_d1818-1855)
_9132690
700 0 _aFournier, Edouard.
_951978
710 2 _aLibrairie historique, archéologique et scientifique (París)
_9134637
830 0 _aLe Livre d'or des métiers
_9221728
852 _aES-MaACL
_jR-3437
_z. - Enc. hol.
999 _c156853
_d156853